000 00601nam a22002292i 4500
001 18360
003 BD-RjUL
005 20211209000256.0
008 140220s1963 enk j 000 1 eng d
035 _a(BD-RjUL)18418
040 _aUKM
_cUKM
_dBD-RjUL
_beng
041 _aeng
082 0 0 _a823.91
_bHAH 1963
082 _aJ
_218
100 1 _aHaugaard, Erik Christian.
_956541
245 1 0 _aHakon's saga /
_cillustrated by Leo and Diane Dillon
260 _aLondon :
_cc1963.
_bFaber,
300 _a127 p. :
_bill. ;
_c21 cm
650 0 _aFiction.
_956542
942 _2ddc
_cBK
999 _c18360
_d18360